LDR 00996naa#a2200229#i#450# 001 EN\RIOR\bibl\123912 005 20260629053012.1 011 ## _a2409-6024 100 ## _a20260530b2026####ek#y0engy0150####ca 102 ## _aRU 200 1# _aINSTITUTIONAL FOUNDATIONS OF CARBON REGULATION _eJournal article 210 1# _aMoscow _cPublishing Center RIOR _d2026 215 ## _a15 с. 606 ## _aНауки о Земле. 05.00.00 _aЭкономика и управление. 38.00.00 _2local 608 ## _aJournal article _2local 675 ## _aЭкономика. Народное хозяйство. Экономические науки. 33 _z 686 ## _aЕСТЕСТВЕННЫЕ НАУКИ. 2 _2bbk 686 ## _aГУМАНИТАРНЫЕ НАУКИ. РЕЛИГИЯ. ИСКУССТВО. 8 _2tbk 686 ## _aЭКОНОМИКА И ЭКОНОМИЧЕСКИЕ НАУКИ. 06.00 _2grnti 686 ## _aОБЩЕСТВЕННЫЕ НАУКИ В ЦЕЛОМ. 00.00 _2grnti 700 #1 _aSushko _gOlga Petrovna 856 4# _arusjm.ru _u